000 00609nam a2200193Ia 4500
003 GCL
008 140319s9999 xx 000 0 ara d
020 _a5145192977
040 _aGCL /
_cGCL
082 0 4 _a659.2
_bن ا
100 1 _aنبيل الحسينى النجار
245 1 0 _aالاعلان والمهارات البيعية /
_cنبيل الحسينى النجار
260 _aالقاهرة :
_bالشركة العربية للنشر والتوزيع
300 _aص270 ؛
_c24سم
650 0 4 _aالادارة
650 0 4 _aالتسويق
650 0 4 _aالاعلان
942 _2ddc
_cBK
999 _c43169
_d43169